[Event "7th Amplico AIG Life"]
[Site "Warsaw POL"]
[Date "2007.12.15"]
[Round "3"]
[White "Shrentzel,I"]
[Black "Skalski,M"]
[Result "1/2-1/2"]
[WhiteElo "2228"]
[BlackElo "2443"]

1.e4 g6 2.d4 Bg7 3.Nc3 c5 4.d5 d6 5.Bb5+ Nd7 6.a4 Nf6 7.f4 O-O 8.Nf3 Rb8
9.e5 dxe5 10.fxe5 Ng4 11.Bxd7 Bxd7 12.Bf4 Qb6 13.Qd2 Qxb2 14.Rb1 Qa3 15.O-O c4
16.h3 Rbd8 17.hxg4 Bxg4 18.Rxb7 e6 19.Bg5 Qc5+ 20.Kh1 Rde8 21.Ne4 Qxd5 22.Qxd5 exd5
23.Nf6+ Bxf6 24.Bxf6 a6 25.Be7 Rb8 26.Rfb1 Rxb7 27.Rxb7 Re8 28.Nd4 Bc8 29.Rc7 h6
30.Bf6 g5 31.Nc6 Be6 32.Ra7 Kh7 33.Rxa6 Kg6 34.Nd4 Kh5 35.Nxe6 fxe6 36.a5 Kg4
37.Kh2 Kf4 38.Rb6 d4 39.Rb4 Rc8 40.a6 Ke3 41.a7 Ra8 42.Rxc4 Rxa7 43.Bd8 Ke4
44.Bc7 Kd5 45.Rxd4+ Kc5 46.Bb8 Ra2 47.Rd2 Kc4 48.Rf2 Kd4 49.Rf6 Rxc2 50.Rxe6 h5
51.Rh6 h4 52.Rh5 Rc8 53.Bd6 Rg8 54.Kh3 Ke3 55.e6 Ke4 56.e7 Kf5 57.Rh7 Kg6
58.e8=Q+ Rxe8 59.Re7 Rd8 60.Bc5 Rd5 61.Be3 Rb5 62.Kg4 Rb4+ 63.Kf3 g4+ 64.Ke2  1/2-1/2

[Event "7th Amplico AIG Life"]
[Site "Warsaw POL"]
[Date "2007.12.15"]
[Round "7"]
[White "Wieczorek,O"]
[Black "Skalski,M"]
[Result "0-1"]
[WhiteElo "2185"]
[BlackElo "2443"]

1.e4 g6 2.d4 Bg7 3.Nc3 c5 4.Nf3 Qa5 5.Be3 Nf6 6.Nd2 cxd4 7.Nb3 Qd8 8.Nxd4 O-O
9.Bc4 Nc6 10.Bb3 d6 11.f3 Bd7 12.Qd2 Nxd4 13.Bxd4 b5 14.a4 b4 15.Nd5 Nxd5
16.exd5 Qa5 17.h4 h6 18.h5 g5 19.Bc4 Rac8 20.b3 Bxd4 21.Qxd4 Qc5 22.Qd2 e5
23.O-O-O Bxa4 24.Ba6 Bxb3 25.Bxc8 Rxc8 26.Kb2 Bxc2 27.Ra1 b3 28.Ra5 Qb6 29.Rc1 Rc4
30.g3 Kg7 31.f4 Rd4 32.Qe1 Re4 33.Qc3 Re3 34.Rb5 Rxc3 35.Rxb6 Rxg3 36.Rxd6 gxf4
37.Ra6 f3 38.d6 Rg2 39.d7 Bf5+ 40.Kxb3 Bxd7 41.Rxa7 Be6+ 42.Kc3 Rg5 43.Rh1 f2
44.Raa1 Rg3+ 45.Kd2 Bc4 46.Kc2  0-1

[Event "Weihnachtsopen Meister"]
[Site "Zurich SUI"]
[Date "2007.12.27"]
[Round "3"]
[White "Aerni,A"]
[Black "Troyke,C"]
[Result "1/2-1/2"]
[WhiteElo "2049"]
[BlackElo "2392"]

1.e4 g6 2.d4 Bg7 3.Nc3 d5 4.exd5 Nf6 5.Nf3 Nxd5 6.Nxd5 Qxd5 7.Be2 O-O 8.O-O Nc6
9.c3 e5 10.dxe5 Qxd1 11.Rxd1 Nxe5 12.Bg5 Nxf3+ 13.Bxf3 c6 14.Re1 Be6 15.Bd1 Rfe8  1/2-1/2

[Event "Premier"]
[Site "Hastings ENG"]
[Date "2008.01.04"]
[Round "8"]
[White "O'Neill,T"]
[Black "Guo,X"]
[Result "0-1"]
[WhiteElo "1551"]
[BlackElo "1853"]

1.e4 g6 2.d4 Bg7 3.Nc3 a6 4.Nf3 b5 5.Bd3 d6 6.Be3 Nd7 7.Qd2 Bb7 8.h4 h5 9.Ng5 Nh6
10.f3 c5 11.dxc5 Nxc5 12.O-O-O Rc8 13.Bxc5 Rxc5 14.Qf4 Qa5 15.Rhe1 Be5 16.Qe3 b4
17.Nd5 Qxa2 18.Kd2 Bxb2 19.Ke2 Bxd5 20.exd5 Nf5 21.Qf4 b3 22.Kf1 bxc2 23.Bxf5 Qc4+
24.Qxc4 Rxc4 25.Rxe7+ Kxe7 26.Re1+ Kf8 27.Bxc2 Rxc2 28.Re3 Bc1 29.Rb3 Bxg5
30.hxg5 Kg7 31.Rb6 Rd8 32.Rxa6 Rb8 33.Kg1 Rbb2 34.Rxd6 Rxg2+ 35.Kh1 Rgd2  0-1

[Event "Premier"]
[Site "Hastings ENG"]
[Date "2008.01.06"]
[Round "10"]
[White "Franklin,S"]
[Black "Atako,C"]
[Result "0-1"]
[WhiteElo "1917"]
[BlackElo "2165"]

1.e4 g6 2.d4 Bg7 3.Nc3 c5 4.d5 d6 5.f4 Bxc3+ 6.bxc3 Nf6 7.Bd3 c4 8.Bxc4 Nxe4
9.Bd3 Nxc3 10.Qd2 Na4 11.Bb5+ Bd7 12.Bxa4 O-O 13.Bxd7 Nxd7 14.Nf3 Qb6 15.Qd4 Qa6
16.Qd3 Qa5+ 17.Bd2 Qc5 18.Be3 Qa5+ 19.Nd2 Rac8 20.O-O Rc3 21.Qd4 Rxc2 22.Nb3 Qb5
23.Qxa7 Qxd5 24.Rf2 Rfc8 25.Qd4 Qb5 26.Rxc2 Rxc2 27.Qe4 Re2 28.Nd4 Qb2 29.Nxe2 Qxa1+
30.Kf2 e5 31.Qxb7 Nf6 32.Qa8+ Kg7 33.h3 d5 34.Ng3 d4 35.Bd2 Qb2 36.Ke1 Qb1+
37.Ke2 e4 38.Nf1 Qd3+ 39.Kf2 e3+ 40.Bxe3 Ne4+ 41.Ke1 dxe3 42.Qa5 Kh6 43.Qb4 Kg7
44.Qa5 Qc2 45.Qe5+ Kh6 46.Qb5 Qf2+  0-1

[Event "6th Parsvnath Open"]
[Site "New Delhi IND"]
[Date "2008.01.13"]
[Round "1"]
[White "Solodovnichenko,Y"]
[Black "Samuder,K"]
[Result "1-0"]
[WhiteElo "2541"]
[BlackElo "1939"]

1.e4 g6 2.d4 Bg7 3.Nc3 c5 4.Nf3 cxd4 5.Nxd4 Nc6 6.Be3 Nf6 7.Bc4 d6 8.f3 O-O
9.Qd2 a6 10.h4 h5 11.O-O-O Qc7 12.Nxc6 bxc6 13.Bh6 Rb8 14.Qg5 Kh7 15.Bxg7 Kxg7
16.Rhe1 Qb6 17.Bb3 Be6 18.e5 Bxb3 19.axb3 dxe5 20.Qxe5 Rb7 21.Ne4 Qc7 22.Qc3 a5
23.Rd6 a4 24.bxa4 Rfb8 25.Nxf6 exf6 26.Qxf6+ Kg8 27.Red1 Rf8 28.g4 Qa5 29.b3 Qc5
30.Kb2 Qf2 31.Rd8 Rb8 32.Rxf8+ Rxf8 33.gxh5 gxh5 34.Qg5+ Kh7 35.Rd6  1-0

[Event "6th Gibtelecom Masters"]
[Site "Gibraltar ENG"]
[Date "2008.01.24"]
[Round "3"]
[White "Walton,A"]
[Black "Helin,M"]
[Result "1/2-1/2"]
[WhiteElo "2207"]
[BlackElo "1935"]

1.d4 g6 2.e4 Bg7 3.Nc3 a6 4.Be3 e6 5.Nf3 d6 6.Qd2 h6 7.Bd3 b6 8.O-O Ne7 9.Ne1 Bb7
10.f4 f5 11.exf5 gxf5 12.Bc4 d5 13.Be2 Nd7 14.Nd3 h5 15.Ne5 Nf6 16.Qd1 Rc8
17.Rf3 c5 18.Rg3 Ng4 19.Qd3 Nc6 20.Nxc6 Bxc6 21.Re1 Bf6 22.Bxg4 hxg4 23.Bf2 Kf7
24.Rge3 cxd4 25.Rxe6 dxc3 26.Qxf5 d4 27.bxc3 dxc3 28.Kh1 Rh6 29.Re7+ Kg8
30.Bxb6 Qf8 31.Qe6+ Kh8 32.Rf7 Qe8 33.Rxf6 Qxe6 34.Rfxe6 Rxe6 35.Rxe6 Bd5
36.Bd4+ Kh7 37.Rxa6 Rc4 38.Ra7+ Kh6 39.Bf2 Kg6 40.Ra5 Be4 41.Rg5+ Kf6 42.Rc5 Ra4
43.Rxc3 Rxa2 44.h3 gxh3 45.Rxh3 Rxc2 46.Kg1 Rc4 47.Kh2 Rc2 48.Re3 Kf5 49.Kg3 Rc6
50.Ra3 Rg6+ 51.Kh3 Bxg2+ 52.Kh2 Be4 53.Be3 Rg2+ 54.Kh3 Re2 55.Ra5+ Kg6 56.Rg5+ Kf7
57.Bd4 Rd2 58.Be5 Ke6 59.Rh5 Bf5+ 60.Kg3 Rd3+ 61.Kf2 Rd2+ 62.Ke1 Re2+ 63.Kf1 Rc2
64.Bd4 Rd2 65.Bc5 Rc2 66.Ba3 Rc4  1/2-1/2

[Event "10th TCh-Euro sen"]
[Site "Dresden GER"]
[Date "2008.02.14"]
[Round "4"]
[White "Grabitz,G"]
[Black "Troeger,R"]
[Result "0-1"]
[WhiteElo "2081"]
[BlackElo "2203"]

1.d4 g6 2.e4 Bg7 3.Nc3 c5 4.dxc5 Bxc3+ 5.bxc3 Qa5 6.Ne2 Nf6 7.f3 Qxc5 8.Qd4 Qa5
9.Be3 Nc6 10.Qd2 d5 11.exd5 Nxd5 12.Bh6 f6 13.c4 Qxd2+ 14.Bxd2 Ndb4 15.Kf2 Nxc2
16.Rc1 N2b4 17.Nc3 Be6 18.a3 O-O-O 19.Ke3 Na6 20.Be2 Nc5 21.Rhd1 Nb3 22.Rb1 Nxd2
23.Rxd2 Rxd2 24.Kxd2 Rd8+ 25.Ke3 Nd4 26.Bd3 Nf5+ 27.Ke2 Nh4 28.Rg1 Kc7 29.Nb5+ Kb8
30.Ke3 Rc8 31.Kd4 a6 32.Nc3 Nf5+ 33.Bxf5 Rxc4+ 34.Kd3 gxf5 35.Re1 Rc6 36.f4 Kc7
37.Re3 Bc4+ 38.Kd4 Kd6 39.Rh3 e5+ 40.fxe5+ fxe5+ 41.Ke3 Be6  0-1

[Event "10th TCh-Euro sen"]
[Site "Dresden GER"]
[Date "2008.02.17"]
[Round "7"]
[White "Pribyl,Jo"]
[Black "Shabanov,Y"]
[Result "1/2-1/2"]
[WhiteElo "2367"]
[BlackElo "2451"]

1.e4 g6 2.d4 Bg7 3.Nc3 c5 4.d5 d6 5.Nf3 Nf6 6.Bb5+ Nfd7 7.a4 O-O 8.O-O Na6
9.Re1 Nc7 10.Bf1 b6 11.h3 Ba6 12.Nb5  1/2-1/2

[Event "XXIV Open"]
[Site "Cappelle La Grande FRA"]
[Date "2008.02.20"]
[Round "6"]
[White "Adamowicz,K"]
[Black "Zozulia,A"]
[Result "0-1"]
[WhiteElo "2079"]
[BlackElo "2344"]

1.e4 g6 2.d4 Bg7 3.Nc3 a6 4.f4 d6 5.Nf3 b5 6.a3 Bb7 7.Be3 Nd7 8.Be2 e6 9.O-O Ne7
10.Qe1 c5 11.dxc5 Nxc5 12.Bd3 O-O 13.Nd4 e5 14.Nf3 exf4 15.Bxf4 Nxd3 16.cxd3 Nc6
17.Kh1 Ne5 18.Rd1 Rc8 19.Qd2 Re8 20.Bh6 Qe7 21.Bxg7 Kxg7 22.Qf4 Rc7 23.h3 Nxf3
24.Qxf3 h5 25.Rf2 Qg5 26.Rdf1 Ree7 27.d4 a5 28.b4 axb4 29.axb4 Rc4 30.Nxb5 Bxe4
31.Qf6+ Qxf6 32.Rxf6 Bd3 33.Nxd6 Bxf1 34.Rxf1 Rxd4 35.Nb5 Rxb4 36.Nc3 Rc4
37.Nd1 Re2 38.Kh2 Rcc2 39.Rg1 h4  0-1

[Event "XXIV Open"]
[Site "Cappelle La Grande FRA"]
[Date "2008.02.20"]
[Round "6"]
[White "Moroz,A"]
[Black "Cieza,A"]
[Result "1-0"]
[WhiteElo "2512"]
[BlackElo "2294"]

1.e4 g6 2.d4 Bg7 3.Nc3 c5 4.Nf3 cxd4 5.Nxd4 Nc6 6.Nb3 Nf6 7.Be2 O-O 8.O-O d6
9.Bg5 Be6 10.Kh1 a6 11.f4 b5 12.Bf3 Rc8 13.Nd5 Ne8 14.c3 a5 15.a3 a4 16.Nc1 f6
17.Bh4 Na5 18.Nd3 Nc4 19.Qe2 Bf7 20.Rad1 Nc7 21.N3b4 Nxd5 22.Nxd5 e6 23.Ne3 Qb6
24.Bf2 Qb8 25.Nxc4 bxc4 26.Rd2 Rfd8 27.Rfd1 Bh6 28.Be3 Bf8 29.g4 e5 30.f5 g5
31.Qf2 Rd7 32.h4 h6 33.Kg2 Rb7 34.Rh1 Qc7 35.Rh2 Rcb8 36.Kh1 Be8 37.Qf1 Bf7
38.Qh3 Bg7 39.Rdf2 Qc6 40.Rd2 Rb5 41.Rhf2 R8b7 42.Qf1 Bf8 43.Kg1 Rb8 44.Qh3 d5
45.hxg5 dxe4 46.Bd1 hxg5 47.Bxa4 Bc5 48.Bxb5 Qxb5 49.Rh2 Kf8 50.Kf1 Ke7 51.Rhe2 Qb6
52.Bxc5+ Qxc5 53.Qe3 Qc7 54.Qxe4 Rh8 55.Rh2 Rh4 56.Rxh4 gxh4 57.Kg2 Be8 58.Kh3 Bc6
59.Qe3 Be8 60.Kxh4 Qc6 61.Kg3 Bf7 62.Qa7+ Kf8 63.Rd8+ Be8 64.Qa8 Qb5 65.a4  1-0

[Event "XXIV Open"]
[Site "Cappelle La Grande FRA"]
[Date "2008.02.21"]
[Round "7"]
[White "Mogranzini,R"]
[Black "Shengelia,D"]
[Result "0-1"]
[WhiteElo "2401"]
[BlackElo "2568"]

1.e4 g6 2.d4 Bg7 3.Nc3 c5 4.Nf3 Qa5 5.Be2 Nc6 6.d5 Nd4 7.O-O Nxf3+ 8.Bxf3 d6
9.Re1 Bxc3 10.bxc3 f6 11.Bd2 h5 12.Qc1 Bd7 13.c4 Qc7 14.Be2 g5 15.Qb2 g4
16.f4 gxf3 17.gxf3 Nh6 18.Kh1 Nf7 19.Rg1 Ne5 20.Rg7 Bg4 21.fxg4 Kf8 22.Bh6 Rxh6
23.g5 Kxg7 24.gxh6+ Kh7 25.Rg1 Rg8 26.Rxg8 Kxg8 27.Bxh5 Kh7 28.Be2 Qa5 29.c3 Kxh6
30.Kg2 Qa4 31.Qb3 Qd7 32.Qb1 b6 33.h3 Qa4 34.Qc1+ Kg7 35.Qb2 Nxc4 36.Bxc4 Qxc4
37.Kf3 Qd3+ 38.Kf4 Qxh3 39.Qa3 a5 40.Qb2 Qf1+  0-1

[Event "58th ch-RUS w 1st liga"]
[Site "Smolensk RUS"]
[Date "2008.02.27"]
[Round "1"]
[White "Avdeenko,T"]
[Black "Zlobina,D"]
[Result "0-1"]
[WhiteElo "2194"]
[BlackElo "1925"]

1.e4 g6 2.d4 Bg7 3.Nc3 a6 4.a4 b6 5.Nf3 Bb7 6.Bc4 e6 7.O-O Ne7 8.d5 exd5
9.exd5 d6 10.Re1 h6 11.Qe2 Kf8 12.Bd2 Nd7 13.Rad1 Nf6 14.Bc1 Qd7 15.h3 Re8
16.Qd3 Qc8 17.Re2 Qf5 18.Qxf5 Nxf5 19.Rxe8+ Kxe8 20.g4 Ne7 21.Ne1 g5 22.Ng2 Kd8
23.f4 gxf4 24.Nxf4 Nd7 25.Ne4 Ne5 26.Be2 N5g6 27.Nxg6 Nxg6 28.Ng3 Be5 29.Nh5 Bc8
30.c3 f6 31.Rf1 Ke7 32.Bd2 Rh7 33.Bd3 Kf7 34.Nf4 Bxf4 35.Bxf4 Rh8 36.Bg3 Kg7
37.Bf5 Bxf5 38.Rxf5 Ne7 39.Rf3 Nxd5 40.Bh4 Rf8 41.c4 Ne7 42.a5 Ng6 43.Bg3 Ne5
44.Rc3 Rb8 45.axb6 Rxb6 46.b3 Rc6 47.Bxe5 fxe5 48.Rf3 Rb6 49.Kf2 a5 50.Rd3 Rb4
51.Rc3 a4 52.bxa4 Rxa4 53.Ke3 Kf6 54.h4 Ra1 55.Rb3 Rc1 56.Rb4 Rc3+ 57.Kd2 Rh3
58.h5 Rg3  0-1

[Event "58th ch-RUS w 1st liga"]
[Site "Smolensk RUS"]
[Date "2008.03.02"]
[Round "5"]
[White "Meshcheriakova,E"]
[Black "Ogloblina,L"]
[Result "1-0"]
[WhiteElo "2318"]
[BlackElo "2153"]

1.e4 g6 2.d4 Bg7 3.Nc3 a6 4.Be3 b5 5.a3 Bb7 6.Qd2 d6 7.Bd3 Nd7 8.a4 c6 9.Nf3 Nb6
10.O-O Nc4 11.Bxc4 bxc4 12.a5 d5 13.e5 Bc8 14.h3 h5 15.Na4 Rb8 16.Nb6 Nh6
17.b3 cxb3 18.cxb3 Nf5 19.Bf4 O-O 20.g4 hxg4 21.hxg4 g5 22.Bxg5 f6 23.exf6 exf6
24.Bf4 Nd6 25.Qb4 Ne4 26.Bxb8 Bxg4 27.Nh2 Bh3 28.Bf4 Qe8 29.Qe1 Qg6+ 30.Bg3 Bh6
31.Kh1 Re8 32.Rg1 Kh8 33.Qd1 Rg8 34.Qf3 Nd2 35.Qe2 Re8 36.Be5 Qf7 37.Bxf6+ Kh7
38.Be5 Ne4 39.f3 Qh5 40.Rae1 Bf5 41.Na4 Rxe5 42.dxe5 Bf4 43.e6 Qh3 44.Ref1 Ng3+
45.Rxg3 Bxg3 46.e7 Bg6 47.Rg1 Bh5 48.Rxg3  1-0

[Event "Doeberl Cup"]
[Site "Canberra AUS"]
[Date "2008.03.21"]
[Round "4"]
[White "Dragicevic,Do"]
[Black "Bennett,H"]
[Result "1-0"]
[WhiteElo "2215"]
[BlackElo "2094"]

1.e4 g6 2.d4 Bg7 3.Nc3 d5 4.exd5 Nf6 5.Nf3 Nxd5 6.Bc4 c6 7.O-O Bg4 8.h3 Bxf3
9.Qxf3 e6 10.Ne4 h6 11.Bb3 Nf6 12.Nc5 b6 13.Nxe6 fxe6 14.Bxe6 a5 15.Bf4 Nd5
16.Bxb8 Rf8 17.Qg3 Ne7 18.Bc7 Qxd4 19.Rad1 Qf6 20.Qd6  1-0

[Event "72nd ch-BUL"]
[Site "Plovdiv BUL"]
[Date "2008.03.22"]
[Round "11"]
[White "Lilov,V"]
[Black "Milchev,N"]
[Result "1-0"]
[WhiteElo "2184"]
[BlackElo "2373"]

1.e4 g6 2.d4 Bg7 3.Nc3 a6 4.f4 b5 5.a3 Bb7 6.Nf3 e6 7.Bd3 Ne7 8.Be3 d5 9.e5 Nd7
10.Qd2 Nf5 11.Bf2 h5 12.Ne2 Bf8 13.O-O c5 14.c3 c4 15.Bc2 Nb6 16.g3 Bc6 17.h3 Be7
18.Kg2 Qd7 19.Rh1 a5 20.Rag1 Qc8 21.g4 Ng7 22.Bh4 Qd8 23.Bxe7 Qxe7 24.Qe1 Na4
25.Qc1 Bd7 26.Ng3 h4 27.Nf1 b4 28.Bxa4 Bxa4 29.axb4 axb4 30.Ne3 Kd7 31.Kh2 bxc3
32.bxc3 Bb3 33.Rg2 Ra6 34.Rf1 Rha8 35.f5 gxf5 36.gxf5 Nxf5 37.Nxf5 exf5 38.Qf4 Ra2
39.Qxf5+ Qe6 40.Nxh4 Rxg2+ 41.Kxg2 Rg8+ 42.Kh2 Rg7 43.Rg1 Qxf5 44.Nxf5 Rh7
45.Rg7 Rh5 46.Rxf7+ Kc6 47.Ne7+ Kb5 48.Nxd5 Bc2 49.Nf4 Rh8 50.Rb7+ Kc6 51.Rb2 Be4
52.Re2 Bf5 53.e6 Kd6 54.e7 Re8 55.Re5 Bd7 56.Nd5 Rh8 57.Nf6  1-0

[Event "SCT Ladies Open"]
[Site "Stockholm SWE"]
[Date "2008.03.25"]
[Round "9"]
[White "Rudolf,An"]
[Black "Fierro Baquero,M"]
[Result "0-1"]
[WhiteElo "2242"]
[BlackElo "2341"]

1.e4 g6 2.d4 Bg7 3.Nc3 c5 4.Be3 cxd4 5.Bxd4 Nf6 6.e5 Ng8 7.f4 Nc6 8.Be3 Qa5
9.Qd2 Nh6 10.Bc4 Ng4 11.Nf3 Nxe3 12.Qxe3 O-O 13.O-O d6 14.Rae1 Bg4 15.Ng5 dxe5
16.Nd5 e6 17.Nc3 Rad8 18.Kh1 Rd4 19.Bb5 exf4 20.Rxf4 e5 21.Rf2 h6 22.Nge4 Bf5
23.Bxc6 bxc6 24.a3 Qb6 25.Ng3 Be6 26.b4 Rc4 27.Na4 Qxe3 28.Rxe3 f5 29.Re1 Rd4
30.Nc5 Bc8 31.Nb3 Rd6 32.Nf1 e4 33.Ne3 Bc3 34.Rd1 Rfd8 35.Rxd6 Rxd6 36.g3 Kg7
37.Kg2 Be6 38.Nc5 Bd4 39.Nxe6+ Rxe6 40.Re2 Bxe3 41.Rxe3 g5 42.Kf2 Rd6 43.Ke2 Kg6
44.g4 h5 45.gxf5+ Kxf5 46.Rc3 Kf4 47.a4 h4 48.b5 cxb5 49.axb5 Rd5 50.Rb3 Rc5
51.c3 g4 52.Kd2 g3 53.hxg3+ hxg3 54.Ke2 Rh5 55.b6 axb6 56.Rxb6 Rh2+ 57.Kf1 Rf2+
58.Kg1 e3 59.c4 Rc2 60.Rf6+ Ke5 61.Rf8 e2 62.Re8+ Kd4  0-1

[Event "K41 Scandinavian Open"]
[Site "Valby DEN"]
[Date "2008.04.02"]
[Round "7"]
[White "Smith,Ax"]
[Black "Hoi,C"]
[Result "0-1"]
[WhiteElo "2458"]
[BlackElo "2404"]

1.e4 Nc6 2.Nc3 g6 3.d4 Bg7 4.d5 Nd4 5.Be3 e5 6.dxe6 Nxe6 7.g4 c6 8.Bg2 h5
9.gxh5 Rxh5 10.Nge2 Bh6 11.Bxh6 Nxh6 12.Qd2 Qg5 13.Qxg5 Rxg5 14.Kf1 b6 15.f4 Rc5
16.Ke1 Ba6 17.Kd2 O-O-O 18.a4 d5 19.e5 Nf5 20.h4 d4 21.Ne4 d3 22.Nxc5 dxe2+
23.Nd3 Nxf4 24.Be4 Ng3 25.Ke3 Nxd3 26.cxd3 Nxh1 27.Rxh1 Re8 28.Kf4 Rh8 29.Kg4 Rh5
30.d4 c5 31.dxc5 Rxe5 32.Kf4 Rxe4+ 33.Kxe4 Bb7+ 34.Kf4 Bxh1 35.Kg3 e1=Q+
36.Kh3 Qf1+ 37.Kh2 Qg2+  0-1

[Event "A.Lutikov Memorial"]
[Site "Tiraspol MDA"]
[Date "2008.04.05"]
[Round "8"]
[White "Dmitrenko,V"]
[Black "Rakhmangulov,A"]
[Result "1/2-1/2"]
[WhiteElo "2362"]
[BlackElo "2318"]

1.e4 g6 2.d4 Bg7 3.Nc3 d5 4.exd5 Nf6 5.h3 O-O 6.Nf3 Nxd5 7.Nxd5 Qxd5 8.Be2 Qd6
9.O-O b6 10.c3 Bb7 11.Re1 Nd7 12.Bg5 Rfe8 13.Bc4 e6 14.Bh4  1/2-1/2

[Event "FSGM April"]
[Site "Budapest HUN"]
[Date "2008.04.07"]
[Round "3"]
[White "Duong The Anh"]
[Black "Kahn,E"]
[Result "1-0"]
[WhiteElo "2403"]
[BlackElo "2358"]

1.d4 g6 2.e4 Bg7 3.Nc3 c5 4.dxc5 Bxc3+ 5.bxc3 Qa5 6.Qd4 Nf6 7.Bd2 Nc6 8.Qe3 b6
9.cxb6 Qxb6 10.Qxb6 axb6 11.Bd3 d6 12.Ne2 O-O 13.Nd4 Bb7 14.f3 Ne5 15.Kf2 Ba6
16.Rhb1 Nfd7 17.Nb5 Rfc8 18.Be2 Nc4 19.Be1 Bxb5 20.Rxb5 Na3 21.Rb2 Rc5 22.Bd3 Rca5
23.Ke2 b5 24.f4 Nc5 25.Kf3 Nc4 26.Rb4 Kg7 27.Bf2 Na3 28.Rc1 f6 29.g4 Rc8
30.e5 fxe5 31.fxe5 dxe5 32.Bg3 e4+ 33.Bxe4 Nxe4 34.Kxe4 Nc4 35.Kd4 Kf7 36.Bh4 e5+
37.Kd5 Ne3+ 38.Kxe5 Rxc3 39.Rf4+ Ke8 40.Re4 Ra4 41.Rxa4 bxa4 42.Kd4 Rxc2
43.Re1 Rxh2 44.Rxe3+ Kf7 45.Re7+ Kg8 46.Bf6 Rxa2 47.Rg7+ Kf8 48.Rxh7 g5 49.Ke5 a3
50.Ke6 Re2+ 51.Be5  1-0

[Event "V Magistral da Hebraica"]
[Site "Sao Paulo BRA"]
[Date "2008.04.07"]
[Round "2"]
[White "Rodi,L"]
[Black "Matsuura,E"]
[Result "0-1"]
[WhiteElo "2340"]
[BlackElo "2500"]

1.e4 c5 2.Nc3 g6 3.d4 Bg7 4.dxc5 Na6 5.Be3 Qa5 6.Qd2 Nxc5 7.f3 d6 8.Bb5+ Bd7
9.Bxd7+ Nxd7 10.Nd5 Qxd2+ 11.Bxd2 Rc8 12.O-O-O Ngf6 13.Bc3 Kf8 14.Nxf6 Bxf6
15.Bxf6 Nxf6 16.Ne2 Kg7 17.Nf4 Rc5 18.Nd3 Rc7 19.Rhe1 Rhc8 20.c3 a6 21.Kb1 Kf8
22.Rd2 e6 23.Nf4 Ke7 24.Red1 g5 25.Nd3 d5 26.exd5 Nxd5 27.a3 h6 28.Nb4 Nb6
29.Re2 Rd7 30.Rxd7+ Nxd7 31.Kc2 Rg8 32.h3 h5 33.Nd5+ Kd6 34.Ne3 Ne5 35.Rd2+ Ke7
36.Rd4 Nc6 37.Rd2 f5 38.Nc4 g4 39.hxg4 fxg4 40.fxg4 Rxg4 41.Nb6 Ne5 42.Kd1 h4
43.Ke1 Rf4 44.Re2 Kf6 45.Kd2 Rf1 46.Nc8 Nc4+ 47.Kd3 b5 48.a4 Rd1+ 49.Kc2 Rd8
50.axb5 Rxc8 51.bxa6 Ra8 52.Re4 Nb6 53.Rxh4 Rxa6 54.Kd3 Ra2 55.Rf4+ Ke5 56.Re4+ Kd6
57.Kc2 e5 58.g4 Ra1 59.b3 Nd5 60.Kb2 Rg1 61.c4 Nf6 62.c5+ Kd5 63.Rc4 Rxg4
64.Rc2 Kc6 65.Ka3 Nd5 66.Re2 e4 67.b4 e3 68.Re1 Re4 69.Kb3 Nxb4 70.Kc3 Kxc5
71.Rh1 Rc4+ 72.Kb3 Nd5 73.Re1 Rc3+ 74.Kb2 Kd4 75.Rh1 Rc8  0-1

[Event "ch-Odessa Region"]
[Site "Odessa UKR"]
[Date "2008.04.16"]
[Round "1"]
[White "Miljutin,O"]
[Black "Aliferenko,A"]
[Result "0-1"]
[WhiteElo "2177"]
[BlackElo "2247"]

1.e4 g6 2.d4 Bg7 3.Nc3 c5 4.d5 d6 5.Bb5+ Nd7 6.Nf3 a6 7.Bxd7+ Bxd7 8.O-O Nf6
9.e5 dxe5 10.Nxe5 O-O 11.Re1 b5 12.Bg5 b4 13.Nb1 Ba4 14.b3 Qxd5 15.Qxd5 Nxd5
16.bxa4 f6 17.Nd2 fxg5 18.Ndc4 Rf4 19.Rad1 Nc3 20.Rd7 Bf6 21.a5 Rd4 22.Nb6 Rd8
23.Rxd4 Rxd4 24.Nd3 Nxa2 25.Nxc5 Rd2 26.Nxa6 Rxc2 27.Nd5 b3 28.Nab4 Nxb4
29.Nxb4 Rc4 30.Nd3 Ra4 31.Nc5 Ra3  0-1

[Event "IX EICC"]
[Site "Plovdiv BUL"]
[Date "2008.04.22"]
[Round "2"]
[White "Dorfanis,I"]
[Black "Sarakauskas,G"]
[Result "0-1"]
[WhiteElo "2207"]
[BlackElo "2449"]

1.d4 g6 2.e4 Bg7 3.Nc3 c5 4.d5 d6 5.h3 Nf6 6.Nf3 O-O 7.Be2 b5 8.Nd2 b4 9.Ncb1 e6
10.c4 exd5 11.exd5 Re8 12.O-O Nbd7 13.a3 Qe7 14.Re1 Ne5 15.Bf1 g5 16.g3 Qf8
17.Qc2 a5 18.axb4 cxb4 19.Bg2 h6 20.Kh1 Nfd7 21.Nf1 Nc5 22.f4 Ned3 23.Rd1 Ne1
24.Qf2 Ncd3 25.Qd2 gxf4 26.gxf4 Qe7 27.c5 Nxc5 28.Ng3 Nb3 29.Qf2 Nxg2  0-1

[Event "ch-NED U21"]
[Site "Venlo NED"]
[Date "2008.04.28"]
[Round "4"]
[White "Van Opheusden,B"]
[Black "Haast,M"]
[Result "1-0"]
[WhiteElo "2169"]
[BlackElo "2125"]

1.e4 g6 2.d4 Bg7 3.Nc3 d5 4.exd5 Nf6 5.Bb5+ Nbd7 6.Bg5 O-O 7.Bxf6 Nxf6 8.Bc4 a6
9.a4 b6 10.Nge2 Bb7 11.Nf4 Qd6 12.Qf3 b5 13.Bb3 b4 14.Nce2 e6 15.O-O exd5
16.Rfd1 a5 17.Rac1 Rfe8 18.c4 Rad8 19.Nxd5 Nxd5 20.cxd5 Bxd5 21.Bxd5 Qxd5
22.Qxd5 Rxd5 23.Kf1 Re7 24.b3 Red7 25.Rc6 Bh6 26.g3 Kf8 27.f4 Ke7 28.Rdc1 Kd8
29.R1c5 Bg7 30.Rxc7 Ke8 31.Rxd7 Rxc5 32.Rxf7 Kxf7 33.dxc5 Bb2 34.Kf2 Ke6
35.Ke3 Kd5 36.h3 Bf6 37.g4 Be7 38.c6 Bd6 39.Kd3  1-0

[Event "III President's Cup"]
[Site "Baku AZE"]
[Date "2008.05.12"]
[Round "1"]
[White "Guliyev,M"]
[Black "Korchnoi,V"]
[Result "0-1"]
[WhiteElo "2082"]
[BlackElo "2598"]

1.e4 g6 2.d4 Bg7 3.Nc3 c5 4.Be3 Qa5 5.Qd2 cxd4 6.Bxd4 Bxd4 7.Qxd4 Nf6 8.Nf3 Nc6
9.Qd2 d6 10.h3 Be6 11.Ng5 O-O-O 12.Nb5 Qxd2+ 13.Kxd2 d5 14.e5 Ne4+ 15.Nxe4 dxe4+
16.Ke3 Rd5 17.Kxe4 Rxe5+ 18.Kf4 g5+ 19.Kg3 Rd8 20.Na3 f5 21.Bb5 Rdd5 22.Rhe1 f4+
23.Kh2 Rxe1 24.Rxe1 Re5 25.Rd1 Kc7 26.Bd3 h6 27.Nc4 Rc5 28.Nd2 Nb4 29.Nb3 Bxb3
30.cxb3 Nxa2 31.Bc4 Nb4 32.Be6 Kb6 33.Rd8 Rc2 34.Kg1 Rxb2 35.Bc4 a5 36.Rh8 Kc5
37.Bf7 Nd3  0-1

[Event "11th IHEM"]
[Site "Hamburg GER"]
[Date "2008.05.13"]
[Round "4"]
[White "Bracker,F"]
[Black "Mueller,Joe"]
[Result "1-0"]
[WhiteElo "2253"]
[BlackElo "2116"]

1.e4 g6 2.d4 Bg7 3.Nc3 c5 4.dxc5 Qa5 5.Bd2 Qxc5 6.Nd5 Na6 7.Nf3 e6 8.Bc3 Bxc3+
9.Nxc3 Nc7 10.Qd2 f6 11.h4 h5 12.O-O-O a6 13.Nd4 b5 14.Nb3 Qb6 15.Rh3 Ne7
16.Rd3 O-O 17.Rd6 Qa7 18.f3 Ne8 19.Rd3 Kg7 20.Kb1 Qc7 21.Qf2 d6 22.g3 Nc6
23.f4 Nb4 24.R3d2 Qa7 25.Qe1 Nc6 26.Bg2 e5 27.f5 Ne7 28.fxg6 Bg4 29.Rc1 Kxg6
30.Bf1 Rc8 31.Be2 Qd7 32.Nd1 Bxe2 33.Qxe2 Qg4 34.Qd3 Kh7 35.Rg2 Rg8 36.Ne3 Qd7
37.Rf1 Rg6 38.Nc1 a5 39.Qe2 Ng7 40.Nd3 Qc6 41.Qf3 Qd7 42.Nf2 f5 43.exf5 Nexf5
44.Ne4 Nxe3 45.Qxe3 Qb7 46.Rgf2 Qc6 47.Qd3 Kg8 48.Nf6+ Rxf6 49.Rxf6 e4 50.Qd2 e3
51.Qxe3 Qxc2+ 52.Ka1 d5 53.R6f2 Qc4 54.Rd1 a4 55.Kb1 Rd8 56.Qd3 Qc6 57.Rc2 Qb6
58.Rdc1 b4 59.Rc6 Qf2 60.Rh6 Qf5 61.Qxf5 Nxf5 62.Rxh5 Ne3 63.Re5 Nc4 64.Rxd5  1-0

[Event "Mayors Cup Open"]
[Site "Mumbai IND"]
[Date "2008.05.16"]
[Round "8"]
[White "Gusain,H"]
[Black "Saurabh,K"]
[Result "1/2-1/2"]
[WhiteElo "2070"]
[BlackElo "2259"]

1.e4 g6 2.d4 Bg7 3.Nc3 c5 4.Nf3 Qa5 5.Be3 Nf6 6.Qd2 Nc6 7.d5 Nb4 8.h3 d6
9.Bb5+ Bd7 10.Bxd7+ Nxd7 11.O-O O-O 12.a3 Na6 13.Bh6 Nc7 14.Bxg7 Kxg7 15.Qg5 f6
16.Qe3 b5 17.Nd2 Qb6 18.Ne2 Rab8 19.f4 c4 20.Nd4 f5 21.exf5 Nf6 22.fxg6 Nfxd5
23.Qe4 c3 24.bxc3 e5 25.fxe5 Nxc3 26.Qh4 Qxd4+ 27.Qxd4 Ne2+ 28.Kh2 Nxd4 29.exd6 Nce6
30.c3 Nf5 31.Rae1 Ng5 32.gxh7 Nxh7 33.d7 Rbd8 34.Ne4 Kg6 35.Nc5 Ng7 36.Rg1 Rf5
37.Nd3 Nf8 38.g4 Rf6 39.Ne5+ Kh7 40.g5 Re6 41.g6+ Kg8 42.Nf7 Rxd7 43.Nh6+ Kh8
44.Nf7+ Kg8 45.Nh6+  1/2-1/2

[Event "11th Open A"]
[Site "Voesendorf AUT"]
[Date "2008.05.22"]
[Round "2"]
[White "Amberger,D"]
[Black "Ruisz,J"]
[Result "1-0"]
[WhiteElo "2089"]
[BlackElo "2025"]

1.d4 g6 2.e4 Bg7 3.Nc3 c5 4.Be3 cxd4 5.Bxd4 Nf6 6.Be2 Nc6 7.Be3 d6 8.h3 Be6
9.Nf3 Qa5 10.O-O O-O 11.Nd4 Nxd4 12.Bxd4 Rac8 13.Re1 a6 14.Bf3 Rc4 15.Nd5 Bxd5
16.exd5 Rb8 17.c3 Nd7 18.Bxg7 Kxg7 19.Qb3 Rc7 20.Rad1 b5 21.a3 Qb6 22.Qb4 Rc4
23.Qb3 Rc7 24.Rd4 Ne5 25.Be2 Nc4 26.Bxc4 bxc4 27.Qxb6 Rxb6 28.Re2 Kf8 29.f4 Ke8
30.g4 Rb5 31.Kf2 Kd7 32.h4 Kc8 33.f5 Kd8 34.Kf3 gxf5 35.gxf5 Rcc5 36.Red2 Ke8
37.Kf4 Kf8 38.Kg5 e5 39.fxe6 fxe6 40.Kf6 e5 41.Rg4 Rc7 42.Rdg2 Rf7+ 43.Ke6 Re7+
44.Kxd6 Rb6+ 45.Kc5  1-0

[Event "XVI Lasker Mem Open A"]
[Site "Barlinek POL"]
[Date "2008.06.05"]
[Round "6"]
[White "Wisniowska,K"]
[Black "Mazurkiewicz,M"]
[Result "1/2-1/2"]
[WhiteElo "1897"]
[BlackElo "2239"]


1.e4 g6 2.d4 Bg7 3.Nc3 c5 4.Nf3 Nc6 5.Be3 Qb6 6.Nd5 Qa5+ 7.Bd2 Qd8 8.Bc3 a6
9.dxc5 Bxc3+ 10.Nxc3 Qa5 11.Qd2 Qxc5 12.Nd5 Kf8 13.h4 e6 14.Nc3 h5 15.O-O-O b5
16.Ng5 Nh6 17.f4 Ng4 18.e5 Qe3 19.Nce4 Ke7 20.Nd6 Qxd2+ 21.Rxd2 f6 22.exf6+ Nxf6
23.g3 Nb4 24.Bg2 Rb8 25.a3 Nbd5  1/2-1/2

[Event "XIX ch-Panam U18"]
[Site "Villa Carlos Paz ARG"]
[Date "2008.07.03"]
[Round "6"]
[White "Calcina,G"]
[Black "Zamudio Hermida,J"]
[Result "0-1"]
[WhiteElo "2182"]
[BlackElo "2081"]

1.e4 g6 2.d4 Bg7 3.Nc3 c5 4.Nf3 cxd4 5.Nxd4 Nc6 6.Be3 Nf6 7.Bc4 O-O 8.Bb3 d6
9.f3 Bd7 10.Qd2 Rc8 11.h4 Ne5 12.O-O-O Nc4 13.Bxc4 Rxc4 14.Kb1 Qc7 15.Nde2 b5
16.h5 b4 17.Nd5 Nxd5 18.exd5 Bf5 19.Rc1 Rc8 20.Nd4 Bxd4 21.Bxd4 Rxc2 22.Rxc2 Qxc2+
23.Qxc2 Rxc2 24.Ka1 Rxg2 25.hxg6 fxg6 26.Bxa7 Rd2 27.a3 bxa3 28.bxa3 Rxd5
29.Kb2 Rb5+  0-1